| 000 | 00568cam a2200205 a 4500 | ||
|---|---|---|---|
| 001 | sa 67005036 | ||
| 003 | DLC | ||
| 005 | 20260227112353.0 | ||
| 008 | 840713s1963 ii 000 j hino | ||
| 010 | _asa 67005036 | ||
| 040 |
_aDLC _cDLC |
||
| 050 | 0 | 0 |
_aPK2098.G597 _bR35 1963 |
| 100 | 1 |
_aGoyal, Narendra, _d1925- |
|
| 245 | 1 | 0 |
_aRājadhāni taka pahun̐ca / _clekhaka Narendra Goyala. |
| 250 | _a1. saṃskaraṇa. | ||
| 260 |
_aLakhanaū : _bPrakāśa Pākeṭa Buksa, _c1963. |
||
| 300 |
_a96 p. ; _c17 cm. |
||
| 500 | _aShort stories. | ||
| 546 | _aIn Hindi. | ||
| 999 |
_c74916 _d74916 |
||